Chaînes d'acteurs et de films - Spécial cinéma français - Statistiques

Statistiques générales
  • Ce quiz a été pris 1 456 fois
  • Le résultat moyen est 5 sur 14
Statistiques - réponses
Hint Réponse % Correct
3 Christian Clavier
94%
5 La Boum
68%
5 Franck Dubosc
64%
2 Brice de Nice
54%
1 Michel Galabru
46%
4 La Tour Montparnasse Infernale
39%
4 Les Nouvelles Aventures d'Aladdin
37%
6 Adieu les cons
30%
7 La Traversée de Paris
26%
7 Borsalino et 7 autres films
18%
2 Astérix aux Jeux Olympiques
16%
6 Au revoir là-haut
16%
7 Un singe en hiver
15%
6 120 Battements par minute
10%
Aucun quiz correspondant
Distribution des résultats
% des personnes avec chaque résultat
Percentile par nombre de réponses
Votre historique - résultats
Vous n’avez pas pris ce quiz